000
00263nam a22001217a 4500
008
190227b xxu||||| |||| 00| 0 eng d
041
_a
eng
080
_a
616.12
100
_a
7
101
_a
KARD
245
_a
How to read an ECG
_c
Butler,H.H
942
_2
udc
_c
BK
999
_c
54336
_d
54336